| 000 | 00932nam a22002177a 4500 | ||
|---|---|---|---|
| 003 | OSt | ||
| 005 | 20221010153829.0 | ||
| 008 | 110712s2008 ua k f 000 0 ara d | ||
| 040 |
_aEG-ScBUE _beng _erda _cEG-ScBUE _dEG-ScBUE |
||
| 082 | 0 | 4 |
_222 _a709.01 _bف ت ا |
| 100 | 1 |
_926281 _aعبد الفتاح، محمد، _eمؤلف. |
|
| 245 | 1 | 2 |
_aالفن المصري القديم عبر العصور / _cأستاذ دكتور محمد عبد الفتاح، دكتور أسامة خالد. |
| 264 | 1 |
_aالإسكندرية : _bدار الوفاء لدنيا الطباعة والنشر، _c2008. |
|
| 300 |
_a220 صفحة : _bأشكال ؛ _c24 سم |
||
| 650 | 7 |
_922039 _aالفن المصري القديم _xتاريخ. _2BUEsh |
|
| 650 | 7 |
_922041 _aالعمارة المصرية القديمة. _2BUEsh |
|
| 653 |
_cJuly2011 _bENGARC |
||
| 655 | _vReading book | ||
| 700 | 1 |
_926282 _aخالد، أسامة، _eمؤلف. |
|
| 942 |
_2ddc _cBB |
||
| 999 |
_c15685 _d15685 |
||